| 000 | 00441nam a2200169Ia 4500 | ||
|---|---|---|---|
| 008 | 110701t2010 xxu||||| |||| 00| 0 sin d | ||
| 041 | _asin | ||
| 080 |
_aX8S31 _bSAM |
||
| 100 | _aSamarakoon, R.R. | ||
| 245 | _aහෙට කළුවර දවසක් | ||
| 246 | _aHeta Kaluwara Davasak | ||
| 260 |
_bSarasavi _aNugegoda _c2010 |
||
| 300 | _ap.190p., 21 cm | ||
| 942 | _cBK | ||
| 999 |
_c73552 _d73552 |
||
| 003 | LK-CoDNM | ||
| 040 |
_aLK-CoDNM _dLK-CoDNM _eLK-CoDNM |
||